Elenco do São Paulo (2022) - Statistics

Estatísticas Gerais
  • Esse quiz foi jogado 514 vezes
    336 desde o último reset
  • A pontuação média é 16 de 32
Estatísticas das Respostas
Numeração Posição Jogador % Correto
9 ATA Calleri
96%
10 ATA Luciano
96%
5 Z Arboleda
92%
93 G Jandrei
89%
2 LD Igor Vinícius
75%
23 G Rafael
75%
29 VOL Pablo Maia
71%
13 LD Rafinha
71%
11 ATA Rodrigo Nestor
69%
7 ATA Alisson
66%
4 Z Diego Costa
64%
1 G Felipe Alves
63%
6 LE Wellington
63%
8 VOL Luan
57%
35 Z Beraldo
55%
3 Z Ferraresi
54%
28 Z Alan Franco
52%
27 ATA Wellington Rato
49%
50 G Young
47%
14 M Galoppo
44%
31 ATA Juan
42%
33 ATA Caio
41%
30 LD Moreira
31%
20 VOL Gabi Neves
23%
18 M Rodriguinho
22%
17 LD Orejuela
21%
19 VOL Liziero
19%
32 ATA Marcos Paulo
18%
21 VOL Mendez
18%
12 ATA Pedrinho
16%
37 M Talles Costa
9%
43 Z Walce
9%
Nenhum quiz correspondente encontrado
Distribuição das Pontuações
Porcentagem de Pessoas com Cada Pontuação
Percentil de Números Respondidos
Sua Pontuação Histórica
Você não jogou esse quiz desde o último reset